Регионална библиотека "Любен Каравелов" - Русе

Essais sur l'histoire des religions (Запис номер 391372)

MARC детайли
000 -Лидер
Контролно поле с фиксирана дължина 01430nam a2200373 a 4500
003 - Код на организацията, давaща контролен номер
Контролно поле BLK
005 - Дата и час на последна редакция
Контролно поле 20231027102941.0
008 - Елементи от данни с фиксирана дължина
fixed length control field 180409b bul|||||r ||||||| ||bul||
010 ## - Наследен системен номер
LC control number KNG00119462000
040 ## - Източник на каталожния запис
Идентификатор на билиотеката - собственик на записа BLK
041 ## - Код за език
Код за езика на текст/звукозапис или на отделно заглавие Френски
Код за езика КДБФ Френски
080 ## - УДК
Текстов определител УДК Религия. Теология. Вж и 141.4; 322 ; 348
УДК код - определител по УДК 2
УДК определител (091)
УДК - код + определител 2(091)
100 1# - Редна дума - Автор
Автор Muller, Max
Авторска отговорност първи автор
R(LIN) 19330
139 ## - Редно поле
Редна дума Muller, Max
245 10 - Сведения за заглавието
Заглавие Essais sur l'histoire des religions
Редно поле (дума) Max Muller; trad. Georges Harris
250 ## - Област на изданието
Сведения за изданието 2. ed.
257 ## - Страна на издаване
Страна на създаване/издаване Франция
260 ## - Област на издателските данни
Място на издаване, разпространение и проч. Paris
Име на издателя, разпространителя и проч. Libr. academique Didier et Cie
Година на издаване 1872
9 (RLIN) 435333
300 ## - Физическа характеристика
Размери/Мащаб 17 cm
Страници 526 p.
380 ## - Жанр
Жанр Религия. Теология
490 ## - СЕРИИ (Колекции)
Име на серия Колекция Редки и ценни издания
9 (RLIN) 435080
490 ## - СЕРИИ (Колекции)
Име на серия Лична библиотека на Захари Стоянов
9 (RLIN) 435931
№: серия 63
500 ## - Общи забележки
Забележка Датирано: 27.IV.1936 № 209. Подпис З. Стоянов
650 #0 - Допълнително описание по предмет – тема
Основно описание – тема или топоним Религии - история
9 (RLIN) 245761
700 ## - Други автори (авторска отговорност)
9 (RLIN) 284
Лично име Harris, Georges
Автороска отговорност (Описва отношението между автора и произведението) trad.
852 ## - Местоположение
Форматна сигнатура Рф 872 ЗСт
Фондова буква Редки и ценни
856 4# - Електронен адрес и достъп
Електронен формат jpg - файл
Име на файл Съдържание
Права за достъп Достъп за регистрирани потребители
Допълнителна информация (Корица, съдържание, пълен текст, звуков файл, HTML файл) Изображение
Информация за съдържанието Съдържание
Път до файла /url/ http://185.138.176.146:18082/cgi-bin/koha/opac-retrieve-file.pl?id=1ad02a78d88a89afb753f37a31427c55
942 ## - АРТИКУЛИ
Вид на библиотечния материал Книги
Скрит в OPAC Не
Периодичен библиозапис Да
944 ## - СЪЗДАВАНЕ И РЕДАКЦИЯ на ЗАПИСА
Създаване/Редакция Създаване
Дата на регистрацията/редакция 2020-11-06
Служител, извършил регистрацията/редакцията 30542
Статус, дата на статуса Русанова Ирена
999 ## - СИСТЕМНИ КОНТРОЛНИ НОМЕРА
Koha biblionumber 391372
Koha biblioitemnumber 391372
999 ## - СИСТЕМНИ КОНТРОЛНИ НОМЕРА
Koha biblioitemnumber 391372
999 ## - СИСТЕМНИ КОНТРОЛНИ НОМЕРА
Koha biblioitemnumber 391372
999 ## - СИСТЕМНИ КОНТРОЛНИ НОМЕРА
Koha biblioitemnumber 391372
999 ## - СИСТЕМНИ КОНТРОЛНИ НОМЕРА
Koha biblioitemnumber 391367
Наличности
Код за отписване Код за изгубен артикул Източник на класификационната схема Код за повреда Коз за рестрикции Код за отдаване Артикулен № Име на библиотеката - собственик Име на библиотеката, в която се намира в момента Статус (Текущо местоположение) Дата на вписване в системата Местоположение - отдел Цена в лева Инвентарен номер Систематично азбучна сигнатура Баркод Цена в евро Служебен тип на артикула
  Не е изгубен Universal Decimal Classification Не е повреден само за читалня Специални фондове ( старопечатни, редки и ценни, фонд М. Арнаудов) 804825 Регионална библиотека "Любен Каравелов" Русе Регионална библиотека "Любен Каравелов" Русе Редки и ценни 2020-11-06 Редки и ценни 1.14 16890 Рф 872 ЗСт 900000038411 0.58 Книги
Vip Innovations Ltd, Rousse, Bulgaria 2025